00852nam a2200181 a 450000100100000000500170001000800410002704000200006808200160008810000250010424502580012926000630038730000170045050000430046770000290051095201140053999900170065300003399920200930070705.0110920s1864 fr 000 0 fre d aDO-SdBNPcBNPHU axxxxbD147j1 aDalloz, M. D.95944810aJurisprudence general :bRepertoire méthodique et alphabétique de législation, de doctrine et de jurisprudence en matiére de droit civil, commercial, criminel, administratif de droit des gens et de droit public /cM. D. Dalloz, M. Armand Dalloz. aParís :bBureau de la Jurisprudence Générale,c1864. av. ;c28 cm. aLa biblioteca posee el tomo 44-parte 21 aDalloz, M. Armand959449 001050718RVaGRbGRcCTd2011-09-20iLF1l0oxxxx D147jp33999-10r2020-06-25w2020-06-25y1ZNo se presta c33490d33490